| 000 | 00738nam a2200229 a 4500 | ||
|---|---|---|---|
| 001 | BRCA_4246 | ||
| 005 | 20190320204612.0 | ||
| 008 | 140610s1912----gw-ac#####---#000-0#ger-# | ||
| 041 | _ager | ||
| 044 | _agw | ||
| 050 | 4 |
_aPT1101 _b.S35 1912 |
|
| 100 | 1 |
_aSchirokauer, Alfred _910946 |
|
| 245 | 1 | 0 |
_aLasalle _bein Leben für Freiheit und Geschichtlicher Roman von Liebe _cAlfred Schirokauer. |
| 260 |
_aBerlín, Alemania _bVerlag von Rich _c1912 |
||
| 300 |
_a408 p. _bil. (algunas a color), retratos _c21 cm. |
||
| 440 | 0 |
_aRomane berühmter manner und Frauen _910947 |
|
| 500 | _aAM58 | ||
| 600 | 1 | 4 |
_aLassalle, Ferdinand _d1825-1864 _vBiografía _910948 |
| 650 | 1 | 4 |
_aNovela histórica alemana _910949 |
| 902 | _aGFM | ||
| 942 |
_2lcc _cB |
||
| 999 |
_c3957 _d3957 |
||